[Event "ICS Rated blitz match"]
[Site "207.99.83.227"]
[Date "1999.04.19"]
[Round "?"]
[White "ColonialPast"]
[Black "Hossa"]
[Result "0-1"]
[WhiteElo "2204"]
[BlackElo "2544"]
[PlyCount "102"]

1. e4 e5 2. Nf3 Nc6 3. Bb5 a6 4. Ba4 Nf6 5. O-O Be7 6. Bxc6 dxc6 7. d3 Bg4 8.
h3 Bxf3 9. Qxf3 O-O 10. Nd2 Qd7 11. Nc4 Qe6 12. b3 Bc5 13. Bb2 Nd7 14. Qg4 Qxg4
15. hxg4 Rae8 16. Kh2 Re6 17. f3 b5 18. Nd2 Rh6+ 19. Kg3 Be3 20. Rad1 Rd8 21.
Nb1 c5 22. Bc1 Bxc1 23. Rxc1 Nf6 24. Nc3 Rg6 25. Kf2 c6 26. a4 b4 27. Nb1 Ne8
28. Nd2 Nd6 29. Rcd1 a5 30. Nc4 Nxc4 31. dxc4 Rd4 32. Ke2 h5 33. Rxd4 cxd4 34.
gxh5 Rxg2+ 35. Rf2 Rg5 36. Rh2 Kh7 37. c5 Kh6 38. Kd3 Rxh5 39. Rg2 Rh3 40. Ke2
g5 41. Kf2 Kg6 42. Ke2 f5 43. exf5+ Kxf5 44. Kf2 e4 45. fxe4+ Kxe4 46. Rxg5
Rh2+ 47. Ke1 Rxc2 48. Kd1 d3 49. Rg4+ Kd5 50. Rg3 Rc3 51. Rg5+ 51... Kd4 {
ColonialPast resigns} 0-1

[Event "ICS Rated blitz match"]
[Site "207.99.83.227"]
[Date "1999.04.19"]
[Round "?"]
[White "Hossa"]
[Black "ipkis"]
[Result "1-0"]
[WhiteElo "2548"]
[BlackElo "2513"]
[PlyCount "87"]

1. e4 c5 2. Bc4 e6 3. Nc3 a6 4. a4 Nf6 5. Nf3 d5 6. exd5 exd5 7. Be2 Be7 8. d4
c4 9. O-O O-O 10. Bg5 Nc6 11. Ne5 Be6 12. Nxc6 bxc6 13. Rb1 h6 14. Bf4 Bb4 15.
Na2 Bd6 16. Qd2 c5 17. Nc3 Rc8 18. Bxd6 Qxd6 19. Rfe1 Ne4 20. Nxe4 dxe4 21.
Rbd1 Rfd8 22. d5 Qxd5 23. Qc3 Qb7 24. Bxc4 Bxc4 25. Rxd8+ Rxd8 26. Qxc4 Qxb2
27. Qxc5 Qd4 28. Qc6 Rd6 29. Qc8+ Rd8 30. Qxa6 Qd2 31. Qf1 Qxc2 32. a5 Rd4 33.
a6 Ra4 34. Ra1 Ra2 35. h4 Qa4 36. Rxa2 Qxa2 37. Qb5 Kh7 38. Qf5+ g6 39. Qf6 h5
40. Qb6 Qa1+ 41. Kh2 Qe5+ 42. g3 Qa1 43. a7 e3 44. Qxe3 {ipkis resigns} 1-0

[Event "ICS Rated bullet match"]
[Site "207.99.83.227"]
[Date "1999.04.19"]
[Round "?"]
[White "JudgeTurpin"]
[Black "Hossa"]
[Result "1-0"]
[WhiteElo "2497"]
[BlackElo "2440"]
[PlyCount "141"]

1. Nf3 Nf6 2. g3 e6 3. Bg2 Bb4 4. a3 Be7 5. d4 O-O 6. Bf4 d5 7. Ne5 c5 8. dxc5
Bxc5 9. b4 Bd6 10. Qd4 Qc7 11. Nc3 Nh5 12. Nb5 Qe7 13. Ng6 fxg6 14. Bxd6 Qd7
15. Bxf8 Qxb5 16. Bd6 Nc6 17. Qc5 Qxc5 18. Bxc5 b6 19. b5 bxc5 20. bxc6 Rb8 21.
Kd2 Rb6 22. e4 Nf6 23. exd5 exd5 24. c7 Rc6 25. c4 Rd6 26. Bxd5+ Nxd5 27. cxd5
Rxd5+ 28. Kc3 Rd7 29. Rae1 Kf7 30. Re5 Rxc7 31. Rd1 c4 32. Rd6 Bf5 33. h4 Bd3
34. Ra5 Rb7 35. Rda6 Rb3+ 36. Kd4 Kg8 37. Rxa7 h5 38. Re5 Kf8 39. Rc5 Kg8 40.
Rcc7 Kh8 41. Rcb7 Rxb7 42. Rxb7 Kg8 43. a4 Be2 44. a5 Kh7 45. a6 Bf3 46. Rb8 g5
47. hxg5 Kg6 48. a7 c3 49. Kxc3 Kxg5 50. Kd4 Kg4 51. Ke5 Kg5 52. Rf8 Bc6 53.
Rg8 Kg4 54. Rxg7+ Kf3 55. Rc7 Ba8 56. Rf7+ Ke2 57. Rf8 Bc6 58. a8=Q Bxa8 59.
Rxa8 Kd3 60. Rh8 Kc4 61. f4 Kb5 62. f5 Kc4 63. f6 Kc5 64. f7 Kc4 65. Rxh5 Kc5
66. g4 Kb4 67. f8=Q+ Kc3 68. Qc5+ Kd3 69. Rh3+ Ke2 70. Qc2+ Ke1 71. Rh1# {
Hossa checkmated} 1-0

[Event "ICS rated bullet match"]
[Site "207.99.83.227"]
[Date "1999.04.19"]
[Round "?"]
[White "Hossa"]
[Black "JudgeTurpin"]
[Result "0-1"]
[WhiteElo "2427"]
[BlackElo "2510"]
[PlyCount "79"]

1. e4 e5 2. Nf3 Nc6 3. Bb5 a6 4. Ba4 Nf6 5. Bxc6 dxc6 6. d3 Nd7 7. O-O Bd6 8.
Bg5 f6 9. Bh4 Nb6 10. c3 g5 11. Bg3 h5 12. d4 h4 13. dxe5 hxg3 14. exd6 g4 15.
fxg3 gxf3 16. Qxf3 cxd6 17. Qxf6 Qxf6 18. Rxf6 Nc4 19. b3 Ne3 20. Rf2 Ng4 21.
Rd2 Rxh2 22. Na3 Ke7 23. Nc4 Be6 24. Re1 Rah8 25. Kf1 Bxc4+ 26. bxc4 Ne5 27. c5
Rf8+ 28. Kg1 Nf3+ 29. gxf3 Rxd2 30. cxd6+ Kxd6 31. f4 Rxa2 32. e5+ Ke6 33. Rd1
Rg8 34. Rd3 a5 35. Kf1 b5 36. Ke1 Rh8 37. Rd6+ Kf5 38. Rd2 Rh1+ 39. Ke2 Rh2+
40. Kf3 {Hossa resigns} 0-1

[Event "ICS Rated blitz match"]
[Site "207.99.83.227"]
[Date "1999.04.19"]
[Round "?"]
[White "Secret"]
[Black "Hossa"]
[Result "1-0"]
[WhiteElo "2546"]
[BlackElo "2567"]
[Annotator "Crafty v16.6"]
[PlyCount "65"]

{annotating for player ossa  using a scoring margin of +0.10 pawns.  search
time limit is 10.00} 1. e4 1... e5 2. Nf3 Nc6 3. Bb5 a6 4. Bxc6 dxc6 5. O-O Qd6
({9:-0.75} 5... Qd6 6. Na3 Be6 7. Qe2 f6 8. Nc4 Qc5 9. d3 9... O-O-O $16) ({
9:-0.41} 5... Bg4 6. d3 Qf6 7. Nbd2 Bc5 8. Qe1 Ne7 9. Nb3 9... Bb6 $14) 6. Na3
Be6 7. Qe2 f6 ({8:-0.75} 7... f6 8. Nc4 Qd7 9. d3 Bxc4 10. dxc4 O-O-O 11. Be3
11... Ne7 $16) ({8:-0.52} 7... Bg4 8. Nc4 Qf6 9. Re1 Bxf3 10. Qxf3 Qxf3 11.
gxf3 Bd6 12. d3 $14) 8. Rd1 Qd7 9. d4 O-O-O 10. Rd2 exd4 11. Rxd4 Qe8 12. Rd3
Bd6 13. Bd2 Qh5 14. h3 Ne7 15. Qe1 Bxh3 16. gxh3 Qxh3 17. Qf1 Qe6 18. Qg2 f5
19. Ng5 Qg8 20. exf5 Bxa3 21. bxa3 Nxf5 22. Qe4 Rxd3 23. cxd3 Qf8 24. Re1 Kb8
25. Qf4 Qc8 26. Ba5 Qd7 27. Ne6 Qxd3 28. Nc5 Qb5 29. Bxc7+ Ka8 30. Qxf5 b6 31.
Bd6 bxc5 32. Rb1 g6 33. Qe4 1-0

[Event "ICS rated blitz match"]
[Site "207.99.83.227"]
[Date "1999.04.19"]
[Round "?"]
[White "Hossa"]
[Black "heatstroke"]
[Result "0-1"]
[WhiteElo "2550"]
[BlackElo "2877"]
[PlyCount "90"]

1. e4 c5 2. Bc4 e6 3. Nc3 Nc6 4. Nf3 g6 5. O-O Nge7 6. d4 cxd4 7. Nxd4 Bg7 8.
Nxc6 Nxc6 9. Qd6 Be5 10. Qa3 Qa5 11. Qxa5 Nxa5 12. Bb5 O-O 13. Bh6 Rd8 14. Rad1
a6 15. Be2 b5 16. Rd3 Bb7 17. Bf3 Nc4 18. Bc1 Bg7 19. Rfd1 Bc6 20. Re1 Ne5 21.
Rd6 Nxf3+ 22. gxf3 Rdc8 23. Bg5 b4 24. Nd1 Rab8 25. Be7 Re8 26. Bg5 Rb5 27. Bd2
Rh5 28. f4 Bf8 29. Rd4 Bc5 30. Rd3 e5 31. f5 gxf5 32. Rg3+ Kf8 33. exf5 Rxf5
34. Bh6+ Ke7 35. Ne3 Rh5 36. Bg7 d6 37. Rd1 f5 38. Nd5+ Kf7 39. Nf6 f4 40. Rgd3
Rg5+ 41. Kf1 Rc8 42. Bh6 Rg6 43. Nxh7 Rxh6 44. Ng5+ Ke7 45. Rh3 45... Rxh3 {
Hossa resigns} 0-1

[Event "ICS rated blitz match"]
[Site "207.99.83.227"]
[Date "1999.04.19"]
[Round "?"]
[White "Hossa"]
[Black "jacdion"]
[Result "1/2-1/2"]
[WhiteElo "2572"]
[BlackElo "2694"]
[PlyCount "177"]

1. e4 c5 2. Bc4 e6 3. Nc3 a6 4. a4 Nc6 5. Nf3 Qc7 6. d3 Bd6 7. O-O Nge7 8. Bg5
O-O 9. Ne2 f6 10. Bd2 Ne5 11. Ng3 Nxc4 12. dxc4 Bxg3 13. fxg3 d5 14. exd5 exd5
15. Qe2 Re8 16. cxd5 Qd7 17. Rad1 Qxa4 18. d6 Nf5 19. Qd3 c4 20. Qd5+ Be6 21.
Qxb7 Nxd6 22. Qb4 Qc6 23. Nd4 Qd5 24. Bc3 Ne4 25. Nxe6 Qxe6 26. Rd4 Rac8 27.
Re1 Qc6 28. Re3 Re5 29. Rd1 Rd5 30. Rxd5 Qxd5 31. Qa5 Nc5 32. Re1 Kh8 33. Bb4
Qd4+ 34. Kf1 h6 35. Qb6 Qd5 36. Kg1 Rc6 37. Re8+ Kh7 38. Qd8 Qxd8 39. Rxd8 Ne4
40. Rd4 f5 41. g4 Kg6 42. Bf8 Rc7 43. Bd6 Nxd6 44. Rxd6+ Kg5 45. Rxa6 Kxg4 46.
Ra4 f4 47. h3+ Kf5 48. c3 g5 49. Kf1 Ke5 50. Rb4 Kd5 51. Rb6 Rh7 52. Kf2 Kc5
53. Rb8 Rd7 54. Kf3 Rd3+ 55. Ke2 Rg3 56. Kf2 h5 57. Rc8+ Kb5 58. Re8 h4 59. Re4
Kc5 60. Re5+ Kd6 61. Ra5 Kc6 62. Ra6+ Kd5 63. Ra8 Ke4 64. Rc8 Kd3 65. Rc5 Kc2
66. Rxc4 Kxb2 67. Rc7 f3 68. gxf3 Rxh3 69. c4 Rh1 70. c5 Rc1 71. Kg2 Kb3 72. c6
Rc3 73. Rc8 Rc5 74. c7 Kc3 75. Kh2 Rc4 76. Kh3 Kc2 77. f4 gxf4 78. Kxh4 Rc3 79.
Kg4 f3 80. Kg3 Kc1 81. Kf2 Kc2 82. Kg1 Kc1 83. Kh2 Rc2+ 84. Kh3 f2 85. Kg2 Kd1
86. Kf1 Kc1 87. Kg2 Kd1 88. Kf1 Kc1 89. Kg2 {Game drawn by repetition} 1/2-1/2

[Event "ICS rated blitz match"]
[Site "207.99.83.227"]
[Date "1999.04.19"]
[Round "?"]
[White "jacdion"]
[Black "Hossa"]
[Result "1-0"]
[WhiteElo "2689"]
[BlackElo "2577"]
[Annotator "Crafty v16.6"]
[PlyCount "78"]

{annotating for player ossa  using a scoring margin of +0.10 pawns.  search
time limit is 10.00} 1. e4 1... d6 2. d4 Nf6 3. Nc3 Nbd7 4. Nf3 e5 5. Bc4 exd4
6. Qxd4 Nb6 7. Ng5 Nxc4 8. Qxc4 Qd7 ({8:-0.75} 8... Qd7 9. O-O h6 10. Nf3 Be7
11. Nb5 c6 12. Nc3 $16) ({8:-0.50} 8... Qe7 9. Be3 h6 10. Nb5 c6 11. Nxd6+ Qxd6
12. Qxf7+ Kd8 13. Rd1 Nd5 14. exd5 hxg5 15. dxc6 $14) 9. O-O h6 10. Nf3 Ng4 11.
Bf4 Be7 ({8:-1.22} 11... Be7 12. h3 Nf6 13. e5 Nh5 14. Nd5 O-O 15. Nxc7 $16) ({
8:-0.81} 11... Qc6 12. Qd4 Be6 13. Nd5 Qd7 14. Rfc1 Rg8 15. Nb4 $16) 12. e5 O-O
13. Rad1 Kh8 14. Nd5 Bd8 15. exd6 cxd6 16. Qb4 Re8 17. Bxd6 Nf6 18. Ne5 Nxd5
19. Rxd5 Qe6 20. c4 Bb6 21. Rfd1 Qf5 22. c5 Bd8 23. Qa4 Rg8 24. R5d3 Be6 25.
Rf3 Qh5 26. g4 Qh4 27. Nxf7+ Bxf7 28. Rxf7 b6 29. Rd5 Bg5 30. c6 a5 31. c7 Rae8
32. Qd7 Ra8 33. Be5 Be7 34. Rxe7 Raf8 35. Bd4 Qxe7 36. Qxe7 Re8 37. Rd6 Kh7 38.
Rxh6+ Kxh6 39. Qh4+ Kg6 1-0

[Event "ICS rated blitz match"]
[Site "207.99.83.227"]
[Date "1999.04.19"]
[Round "?"]
[White "Hossa"]
[Black "inmortal"]
[Result "0-1"]
[WhiteElo "2581"]
[BlackElo "2424"]
[Annotator "Crafty v16.6"]
[PlyCount "79"]

{annotating for player ossa  using a scoring margin of +0.10 pawns.  search
time limit is 10.00} 1. e4 1... e5 2. Nf3 Nc6 3. Bc4 Nf6 4. Ng5 d5 5. exd5 Na5
6. Bb5+ c6 7. dxc6 bxc6 8. Bd3 Bd6 9. Nc3 O-O 10. Be2 ({8:+1.07} 10. Be2 10...
Nd5 11. Nge4 Bb4 12. O-O Qh4 13. a3 13... Be7 $16) ({8:+1.19} 10. O-O 10... Bg4
11. Qe1 Bc7 12. Nce4 Nd5 13. Be2 13... Qd7 $16) 10... h6 11. Nge4 Nxe4 12. Nxe4
Bc7 13. O-O f5 14. Nc3 Qd6 15. Kh1 Bd7 16. Ba6 Rae8 17. Qh5 c5 18. Bd3 Bb8 19.
Rb1 e4 20. Be2 f4 21. f3 Re5 22. Qh4 g5 23. Qf2 exf3 24. Qxf3 Bc6 25. Qf2 Rxe2
26. Nxe2 f3 27. gxf3 Rxf3 28. Kg1 Rxf2 29. Kxf2 Qxh2+ 30. Ke1 Qh4+ 31. Kd1 Bg2
32. Rg1 Qf2 33. Re1 Bf3 34. d3 Bg3 35. Bd2 Nc6 36. Kc1 Bxe2 37. b4 cxb4 38. Rh1
Kg7 39. Bxb4 Nxb4 40. Rxb4 0-1

[Event "ICS rated blitz match"]
[Site "207.99.83.227"]
[Date "1999.04.19"]
[Round "?"]
[White "inmortal"]
[Black "Hossa"]
[Result "1-0"]
[WhiteElo "2447"]
[BlackElo "2558"]
[Annotator "Crafty v16.6"]
[PlyCount "107"]

{annotating for player ossa  using a scoring margin of +0.10 pawns.  search
time limit is 10.00} 1. e4 1... d6 2. d4 Nf6 3. Nc3 Nbd7 4. Be3 e5 5. Nf3 Be7
6. h3 O-O 7. Bc4 c5 ({8:-0.19} 7... c5 8. dxc5 dxc5 9. Qd3 Nb6 10. O-O-O Nxc4
11. Qxc4 Qc7 12. Nd5 Nxd5 13. exd5 $10) ({8:+0.01} 7... Nb6 8. Bb3 Nfd7 9. d5
Bf6 10. O-O Nc5 11. Rc1 $10) 8. dxe5 Nxe5 9. Nxe5 dxe5 10. Qxd8 Rxd8 11. Ke2
Bd7 12. Rhd1 Bc6 ({8:-0.39} 12... Bc6 13. Rxd8+ Rxd8 14. f3 Kf8 15. Rd1 Rxd1
16. Kxd1 Ke8 17. Nd5 17... Bd6 $14) ({8:-0.14} 12... Bf8 13. Kf1 Rac8 14. Bg5
Be7 15. Kg1 h6 16. Be3 $10) 13. f3 Nd7 14. Bd5 Rac8 15. Bxc6 Rxc6 16. Rd5 Nb6
17. Rxd8+ Bxd8 18. Rd1 Be7 19. a4 Rg6 20. g4 Rd6 21. Rxd6 Bxd6 22. Nb5 Be7 23.
b3 a6 24. Nc3 Nd7 25. Kd3 Nf8 26. Nd5 Bd6 27. Kc4 Ne6 28. Nb6 Bc7 29. Bxc5 Bxb6
30. Bxb6 Ng5 31. Bc7 Nxf3 32. Kc5 Ng5 33. Kb6 f6 34. Kxb7 h5 35. gxh5 Ne6 36.
Bd6 Ng5 37. Kxa6 f5 38. exf5 e4 39. Bc5 Nf3 40. Kb7 e3 41. Bxe3 Ne1 42. a5 Nxc2
43. Bc5 Ne1 44. a6 Nd3 45. Bd6 Kf7 46. a7 Kg8 47. a8=Q+ Kh7 48. Qe8 g5 49. Qg6+
Kh8 50. h6 Nc5+ 51. Bxc5 g4 52. Bf8 g3 53. Bg7+ Kg8 54. h7# 1-0

[Event "ICS Rated blitz match"]
[Site "207.99.83.227"]
[Date "1999.04.19"]
[Round "?"]
[White "jo"]
[Black "Hossa"]
[Result "1/2-1/2"]
[WhiteElo "2494"]
[BlackElo "2537"]
[PlyCount "142"]

1. e4 e5 2. Nf3 Nc6 3. Bb5 a6 4. Ba4 Nf6 5. Qe2 d6 6. Bb3 Bg4 7. c3 Be7 8. O-O
O-O 9. Rd1 Na5 10. Bc2 Nd7 11. d4 Rc8 12. Nbd2 exd4 13. cxd4 Nc6 14. Nf1 Bf6
15. Be3 Qe7 16. h3 Bxf3 17. Qxf3 Nb4 18. Bb1 Bg5 19. a3 Bxe3 20. Nxe3 Nc6 21.
Nd5 Qg5 22. Bc2 Nb6 23. Nxb6 cxb6 24. Bb3 Rc7 25. Qe3 Qxe3 26. fxe3 Re8 27. Bd5
Ne7 28. Rac1 Nxd5 29. exd5 Rce7 30. Rd3 b5 31. Kf2 h5 32. Kf3 Kh7 33. Rc2 Kg6
34. Rdc3 f5 35. Rd3 Kh6 36. h4 a5 37. g3 Kg6 38. Rcc3 a4 39. Rc2 Re4 40. Rcc3
Rf8 41. Rc2 Kf6 42. Rc7 Re7 43. Rdc3 Rxc7 44. Rxc7 Rf7 45. Rc8 g6 46. Ke2 Rd7
47. Kf3 Rf7 48. Rd8 Ke7 49. Rg8 Kf6 50. Rd8 Ke7 51. Ra8 Rf8 52. Ra5 Rb8 53.
Rxb5 b6 54. Kf4 Rb7 55. b3 axb3 56. Rxb3 b5 57. Kg5 Kf7 58. a4 b4 59. a5 Rb5
60. a6 Rb6 61. a7 Ra6 62. Rxb4 Rxa7 63. Rb6 Rd7 64. Rc6 Kg7 65. Rb6 Kf7 66. Rc6
Kg7 67. Ra6 Kf7 68. Rb6 Kg7 69. Ra6 Kf7 70. Rb6 Kg7 71. Ra6 71... Kf7 {
Game drawn by repetition} 1/2-1/2

[Event "ICS rated blitz match"]
[Site "207.99.83.227"]
[Date "1999.04.19"]
[Round "?"]
[White "Hossa"]
[Black "inmortal"]
[Result "0-1"]
[WhiteElo "2535"]
[BlackElo "2463"]
[Annotator "Crafty v16.6"]
[PlyCount "113"]

{annotating for player ossa  using a scoring margin of +0.10 pawns.  search
time limit is 10.00} 1. e4 1... e5 2. Nf3 Nc6 3. Bb5 a6 4. Bxc6 dxc6 5. O-O f6
6. d4 exd4 7. Nxd4 c5 8. Nb3 Qxd1 9. Rxd1 Bg4 10. f3 Bd7 11. Nc3 O-O-O 12. Be3
({9:+0.49} 12. Be3 12... b6 13. a4 a5 14. Nb5 Ne7 15. Bf4 Bxb5 16. axb5 Rxd1+
17. Rxd1 17... Kb7 $14) ({9:+0.61} 12. Bf4 12... c4 13. Na5 Bc5+ 14. Kf1 b5 15.
a4 b4 16. Nd5 16... c6 $14) 12... b6 13. a4 a5 14. Bf4 Ne7 15. Nb5 Bxb5 16.
Rxd8+ Kxd8 17. axb5 Nc8 18. Rd1+ Bd6 19. e5 fxe5 20. Bxe5 Rg8 21. f4 Ke7 22. h4
Bxe5 23. fxe5 Ke6 24. Re1 Rd8 25. c4 Ne7 26. h5 c6 27. Re2 cxb5 28. Nd2 b4 29.
Nf3 h6 30. Kh2 Nc6 31. Kh3 Nd4 32. Re3 Nxf3 33. gxf3 a4 34. f4 Rd4 35. f5+ Kxf5
36. e6 Rd8 37. e7 Re8 38. Re1 Kf6 39. Kh4 Rxe7 40. Rf1+ Ke5 41. Re1+ Kd6 42.
Rd1+ Kc6 43. Rg1 b5 44. cxb5+ Kxb5 45. Rg3 b3 46. Kh3 c4 47. Rg1 a3 48. bxa3 b2
49. Rb1 c3 50. Kg4 Ka4 51. Kg3 Kxa3 52. Rf1 c2 53. Rf8 c1=Q 54. Ra8+ Kb4 55.
Rb8+ Ka5 56. Kg2 Qd2+ 57. Kf3 0-1

[Event "ICS rated blitz match"]
[Site "207.99.83.227"]
[Date "1999.04.19"]
[Round "?"]
[White "Manion"]
[Black "Hossa"]
[Result "0-1"]
[WhiteElo "2312"]
[BlackElo "2516"]
[PlyCount "96"]

1. d4 Nf6 2. c4 g6 3. Nc3 Bg7 4. e4 d6 5. Be2 O-O 6. Nf3 Bg4 7. Be3 Nc6 8. O-O
Rc8 9. Nd2 Bxe2 10. Qxe2 e5 11. d5 Nd4 12. Qd3 Nd7 13. Nb3 Nxb3 14. axb3 a6 15.
b4 Qh4 16. c5 Kh8 17. Rfc1 f5 18. f3 fxe4 19. Nxe4 Qe7 20. c6 bxc6 21. dxc6 Nb8
22. b5 axb5 23. Qxb5 Qf7 24. Ng5 Qg8 25. b4 e4 26. Nxe4 Bxa1 27. Rxa1 Qg7 28.
Rd1 Rf5 29. Qb7 Qf8 30. Bd4+ Kg8 31. b5 h6 32. Bb2 d5 33. Ng3 Rf7 34. Qa7 Qb4
35. Ba1 Qxb5 36. Kh1 Nxc6 37. Qa3 Kh7 38. Qc3 Ne7 39. h4 c5 40. Qe5 Qa4 41. Re1
Qxh4+ 42. Kg1 Rcf8 43. Nf1 Nc6 44. Qe2 Re7 45. Qf2 Qxf2+ 46. Kxf2 Rxe1 47. Kxe1
Ra8 48. Bc3 48... d4 {Manion resigns} 0-1

[Event "ICS rated blitz match"]
[Site "207.99.83.227"]
[Date "1999.04.19"]
[Round "?"]
[White "TDChess"]
[Black "Hossa"]
[Result "1-0"]
[WhiteElo "2557"]
[BlackElo "2544"]
[Annotator "Crafty v16.6"]
[PlyCount "95"]

{annotating for player ossa  using a scoring margin of +0.10 pawns.  search
time limit is 10.00} 1. d4 1... Nf6 2. Nf3 e6 3. e3 Be7 4. Nc3 O-O 5. Bd3 d5 6.
O-O c5 7. b3 Nc6 8. Ne5 Nb4 9. Bb5 a6 10. Be2 Qc7 11. Bb2 Bd6 12. f4 cxd4 13.
exd4 b5 14. a4 bxa4 15. Rxa4 Bb7 16. Ra1 Rac8 17. Qd2 Kh8 18. Kh1 Qe7 19. Bf3
Ne4 20. Bxe4 dxe4 21. Nc4 Bd5 22. Nxd5 exd5 23. Nxd6 Qxd6 24. Ba3 a5 25. c3 Rb8
26. Kg1 Rfc8 27. f5 e3 28. Qxe3 Nc2 29. Bxd6 Nxe3 30. Bxb8 Nxf1 31. Bf4 Nxh2
32. Kxh2 Rxc3 33. b4 a4 34. Rxa4 h5 35. Ra8+ Kh7 36. Bd6 Rc4 37. b5 Rc3 38. Ra3
Rc2 39. Rb3 Re2 40. b6 Re8 41. b7 g6 42. Rc3 Rd8 43. Rc8 Rd7 44. b8=Q Rxd6 45.
Qxd6 Kg7 46. Qd8 gxf5 47. Qh8+ Kg6 48. Rg8# 1-0

[Event "ICS Rated blitz match"]
[Site "207.99.83.227"]
[Date "1999.04.19"]
[Round "?"]
[White "Hossa"]
[Black "matar"]
[Result "1-0"]
[WhiteElo "2529"]
[BlackElo "2410"]
[PlyCount "75"]

1. e4 c5 2. Bc4 e6 3. Nc3 Nc6 4. Nf3 Nf6 5. O-O d5 6. exd5 exd5 7. Bb5 Bd6 8.
Re1+ Be6 9. Ng5 O-O 10. Nxe6 fxe6 11. Rxe6 d4 12. Bc4 Kh8 13. Nb5 Bb8 14. d3 a6
15. Na3 Qc7 16. f4 b5 17. Qf3 bxc4 18. Rxc6 Qe7 19. Bd2 c3 20. bxc3 Ra7 21. Re1
Qf7 22. Nc4 Nd5 23. cxd4 cxd4 24. Ne5 Bxe5 25. Rxe5 Nf6 26. Ree6 Rb7 27. Rxa6
Rb1+ 28. Re1 Rxe1+ 29. Bxe1 Nd5 30. g3 Ne3 31. c4 h6 32. Bb4 Rb8 33. Ra8 Rxa8
34. Qxa8+ Kh7 35. Qe4+ g6 36. Bc5 h5 37. Bxd4 Nf5 38. Qe5 {matar resigns} 1-0

[Event "ICS Rated blitz match"]
[Site "207.99.83.227"]
[Date "1999.04.19"]
[Round "?"]
[White "matar"]
[Black "Hossa"]
[Result "0-1"]
[WhiteElo "2399"]
[BlackElo "2540"]
[PlyCount "75"]

1. e4 d6 2. d4 Nf6 3. Nc3 Nbd7 4. Nf3 e5 5. Bc4 exd4 6. Nxd4 Be7 7. Nf5 O-O 8.
O-O Ne5 9. Nxe7+ Qxe7 10. Be2 Bg4 11. f3 Be6 12. Bg5 h6 13. Bh4 Ng6 14. Bg3 Nh5
15. Bf2 Nhf4 16. Re1 Qg5 17. Bg3 Nh5 18. Kf2 Qc5+ 19. Kf1 Nxg3+ 20. hxg3 Rae8
21. Qd3 Ne5 22. Qb5 Nxf3 23. Qxc5 Nd2+ 24. Kg1 dxc5 25. Rad1 Rd8 26. Bd3 Nc4
27. Bxc4 Bxc4 28. Kf2 Rfe8 29. b3 Be6 30. a4 c6 31. a5 Bg4 32. Rxd8 Rxd8 33.
Ke3 Be6 34. Na4 c4 35. b4 Bg4 36. Kf4 h5 37. Ke3 Bd1 38. c3 {matar resigns} 0-1

[Event "ICS rated blitz match"]
[Site "207.99.83.227"]
[Date "1999.04.19"]
[Round "?"]
[White "Hossa"]
[Black "Prof-Moriarty"]
[Result "1-0"]
[WhiteElo "2550"]
[BlackElo "2258"]
[PlyCount "39"]

1. e4 d6 2. d4 Nc6 3. Bb5 Bd7 4. d5 Nb8 5. Bxd7+ Nxd7 6. Nf3 g6 7. Nc3 Bg7 8.
Bg5 Ngf6 9. Qd2 O-O 10. Bh6 Nc5 11. Bxg7 Kxg7 12. e5 dxe5 13. Nxe5 e6 14. Qd4
b6 15. Ng4 exd5 16. Nxf6 Qxf6 17. Qxf6+ Kxf6 18. Nxd5+ Kg7 19. Nxc7 Rfd8 20.
Nxa8 {Prof-Moriarty resigns} 1-0

[Event "ICS Rated blitz match"]
[Site "207.99.83.227"]
[Date "1999.04.19"]
[Round "?"]
[White "Hossa"]
[Black "TDChess"]
[Result "0-1"]
[WhiteElo "2555"]
[BlackElo "2594"]
[Annotator "Crafty v16.6"]
[PlyCount "126"]

{annotating for player ossa  using a scoring margin of +0.10 pawns.  search
time limit is 10.00} 1. e4 1... e6 2. Nf3 d5 3. e5 ({8:-0.02} 3. e5 3... Nh6 4.
Bb5+ c6 5. Be2 Bc5 6. Nc3 O-O 7. O-O $10) ({8:+0.89} 3. exd5 3... Qxd5 4. Nc3
Qd6 5. Be2 Nf6 6. Nb5 Qf4 7. O-O $16) 3... g5 4. d4 g4 5. Nfd2 h5 6. h3 Nh6 7.
hxg4 hxg4 8. Nb3 f5 9. exf6 Qxf6 10. Nc3 Bd7 11. Bb5 ({6:+0.62} 11. Bb5 11...
Nc6 12. Bxh6 Bxh6 13. Qxg4 O-O-O 14. Nc5 $14) ({6:+0.73} 11. Nc5 11... Bc6 12.
Nb5 Bxb5 13. Bxb5+ c6 14. Bxh6 14... Bxh6 $16) 11... g3 12. fxg3 Bd6 13. Rh3
Qg7 14. g4 Nc6 15. Bxc6 Bxc6 16. Qe2 Ke7 17. Bxh6 Rxh6 18. O-O-O Rxh3 19. gxh3
Qh6+ 20. Kb1 Qxh3 21. Rg1 Bb4 22. Nb5 Kd7 23. Rf1 Rf8 24. Rxf8 Bxf8 25. Nc3 Bb4
26. Nd1 Qh6 27. a3 Bd6 28. Na5 Qh1 29. b4 Qg1 30. b5 Qxd4 31. bxc6+ bxc6 32.
Qf3 Qb6+ 33. Nb3 Bxa3 34. Qe3 Qxe3 35. Nxe3 Be7 36. g5 Bxg5 37. Nc5+ Kd6 38.
Nb7+ Ke5 39. Ng2 d4 40. Ne1 Kd5 41. c3 Bd2 42. Nd3 Bxc3 43. Nbc5 a5 44. Kc2 Bb4
45. Nd7 Bd6 46. Nf6+ Kc4 47. Nb2+ Kb4 48. Kd3 c5 49. Nc4 a4 50. Nd2 a3 51. Kc2
c4 52. Nfe4 d3+ 53. Kb1 c3 54. Nxc3 Kxc3 55. Ne4+ Kd4 56. Ng5 Ke3 57. Nf7 d2
58. Kc2 Ke2 59. Nxd6 d1=Q+ 60. Kc3 a2 61. Nc4 a1=Q+ 62. Kb4 Qaa4+ 63. Kc3 Qab3#
0-1

[Event "ICS rated blitz match"]
[Site "207.99.83.227"]
[Date "1999.04.20"]
[Round "?"]
[White "TDChess"]
[Black "Hossa"]
[Result "1/2-1/2"]
[WhiteElo "2608"]
[BlackElo "2541"]
[PlyCount "94"]

1. d4 Nf6 2. Nf3 e6 3. e3 Be7 4. Nc3 O-O 5. Bd3 d5 6. O-O c5 7. b3 Nc6 8. Ne5
Nb4 9. Bb5 a6 10. Be2 Qc7 11. Bb2 Bd6 12. f4 cxd4 13. exd4 b5 14. a4 bxa4 15.
Rxa4 Bb7 16. Ra1 Rac8 17. Qd2 Qb6 18. Rfc1 Nc6 19. Na4 Qa7 20. Nxc6 Rxc6 21.
Rf1 Ne4 22. Qd3 Qb8 23. Bc1 Bb4 24. c4 Qd6 25. c5 Qb8 26. Be3 Qd8 27. Qc2 Kh8
28. f5 exf5 29. Rxf5 Re6 30. Bf4 Rf6 31. Rxf6 Qxf6 32. Be3 Qe6 33. Bc1 Re8 34.
Bd3 Qg4 35. Bb2 Nd2 36. Kh1 Qh4 37. Rg1 Qf2 38. h3 Re1 39. Rxe1 Qxe1+ 40. Kh2
Ba5 41. Nb6 Bxb6 42. cxb6 Qf2 43. Kh1 Qe1+ 44. Kh2 Qf2 45. Kh1 Qe1+ 46. Kh2 Qf2
47. Kh1 47... Qe1+ {Game drawn by repetition} 1/2-1/2

[Event "ICS rated blitz match"]
[Site "207.99.83.227"]
[Date "1999.04.20"]
[Round "?"]
[White "jo"]
[Black "Hossa"]
[Result "1-0"]
[WhiteElo "2513"]
[BlackElo "2544"]
[Annotator "Crafty v16.6"]
[PlyCount "145"]

{annotating for player ossa  using a scoring margin of +0.10 pawns.  search
time limit is 10.00} 1. e4 1... e5 2. Nf3 Nc6 3. Bb5 a6 4. Ba4 Nf6 5. Qe2 d6 ({
9:-0.60} 5... d6 6. c4 Bg4 7. O-O Nd7 8. Qe3 f5 9. Nc3 fxe4 10. Nxe4 $14) ({
9:-0.22} 5... b5 6. Bb3 Bc5 7. O-O O-O 8. Nc3 Bb7 9. Nd5 9... Nd4 $10) 6. O-O
b5 7. Bb3 Bg4 8. c3 Be7 9. Rd1 O-O 10. d4 exd4 11. cxd4 Qd7 ({8:-0.13} 11...
Qd7 12. e5 Ne8 13. Nc3 Rd8 14. Bf4 dxe5 15. dxe5 Qf5 16. Rxd8 16... Bxd8 $10) (
{8:-0.02} 11... Re8 12. Nc3 Na5 13. Bc2 b4 14. Na4 d5 15. e5 $10) 12. h3 Bh5
13. e5 Bxf3 14. gxf3 Qxh3 15. exf6 Bxf6 16. Be3 Rae8 17. Qf1 Qxf3 18. Qg2 Rxe3
19. fxe3 Qxe3+ 20. Qf2 Qxf2+ 21. Kxf2 Bxd4+ 22. Kg2 Bxb2 23. Nd2 Bxa1 24. Rxa1
Nd4 25. Ne4 a5 26. Rc1 Nxb3 27. axb3 f5 28. Ng5 c5 29. Kf3 a4 30. bxa4 bxa4 31.
Ra1 Ra8 32. Ra3 g6 33. Ne6 c4 34. Nf4 Ra5 35. Ke3 g5 36. Ne2 f4+ 37. Kd4 d5 38.
Nc3 g4 39. Nxd5 Rxd5+ 40. Kxd5 f3 41. Ke4 h5 42. Kf4 Kf7 43. Rxa4 c3 44. Ra1
Ke6 45. Rc1 Kd5 46. Rxc3 Kd4 47. Rc2 Kd3 48. Rh2 Kd4 49. Rd2+ Kc4 50. Kg3 Kc3
51. Rh2 Kd3 52. Rxh5 Ke2 53. Re5+ Kd3 54. Kf2 Kd4 55. Rg5 g3+ 56. Rxg3 Ke4 57.
Rxf3 Ke5 58. Ke3 Kd6 59. Ke4 Kc6 60. Rf6+ Kc5 61. Re6 Kc4 62. Rc6+ Kb5 63. Kd5
Kb4 64. Rc5 Kb3 65. Rc4 Ka3 66. Kd4 Kb2 67. Rc3 Ka2 68. Kd3 Kb2 69. Kd2 Kb1 70.
Rc2 Ka1 71. Kc3 Kb1 72. Kb3 Ka1 73. Rc1# 1-0